000 00692cam a2200241 a 4500
008
020 _a9781412947473 (pbk.)
049 _aMAIN
050 0 0 _aBF637.C6
_bNEL
100 1 _aNelson-Jones, Richard.
245 1 0 _aBasic counselling skills :
_ba helper's manual /
_cRichard Nelson-Jones.
250 _a2nd ed.
260 _aLos Angeles :
_bSage Publications,
_c2008.
300 _aviii, 193 p. ;
_c25 cm.
504 _aIncludes bibliographical references.
500 _aIncludes Index.
650 0 _aCounseling.
907 _a.b10268753
_b09-11-09
_c08-10-09
003
005 20230123124955.0
040 _cNUST
942 _cBOOKS
999 _c133495
_d133495